| 000 | 00581nam a2200217Ia 4500 | ||
|---|---|---|---|
| 008 | 180523s9999 xx 000 0 und d | ||
| 020 | _a0-07-049950-0 | ||
| 050 | _aMAIN HF 5548.32 | ||
| 050 | _b.B43 2003 | ||
| 100 | _aBhasker, Bharat. | ||
| 245 | 0 | _aElectronic commerce : | |
| 245 | 0 | _bframework, technologies and appilications / | |
| 245 | 0 | _cBharat Bhasker. | |
| 260 | _aNew Delhi : | ||
| 260 | _bTata McGraw-Hill, Pub. Comp. Ltd., | ||
| 260 | _c2003 | ||
| 300 | _a441 pages : | ||
| 300 | _c23 cm. | ||
| 500 | _aIncludes index. | ||
| 650 | _aElectronic commerce. | ||
| 999 |
_c357130 _d357130 |
||